000 00389nam a2200181Ia 4500
100 _aFrenzel
650 _aCommunication
250 _a3
942 _cBK
366 _f20
654 _acommunication
245 _aCommunication Electronics
260 _bTata Mc Graw hill Ltd.
_aNew Delhi
_c2001
082 _a621.382/FRE
_bFRE
300 _a532
546 _aENGLISH
999 _c33664
_d33664